| 000 | 01251nam a22002657a 4500 | ||
|---|---|---|---|
| 001 | 6810 | ||
| 003 | FISKH | ||
| 005 | 20250918122227.0 | ||
| 008 | 250529b cb ||||| |||| 00| 0 eng d | ||
| 020 | _a9780194351942 | ||
| 040 |
_aFISKH _beng _cFISKH _dFISKH |
||
| 050 | _a PE1629 .S52 | ||
| 082 | _a423.1 | ||
| 100 | _aShapiro, Norma | ||
| 245 |
_aវចនានុក្រម អង់គ្លេស-ខ្មែរ រូបភាព : _bEnglish/ Cambodian / _cBy Norma Shapiro and Jayme Adelson-Goldstein |
||
| 260 |
_aNew York : _bOxford University Press , _c1998. |
||
| 300 |
_a208 pages : _bcolor illustrations ; _c26 cm . |
||
| 520 | _aA comprehensive, flexible, and up-to-date vocabulary reference and teaching tool for English language learning. The Oxford Picture Dictionary and its components create a highly teachable programme that can be used as a complete, four-skills beginning course, or as a language development supplement and practical reference. | ||
| 650 |
_aPicture dictionaries, English _vNon-fiction |
||
| 650 |
_aEnglish languages-textbooks for foreign speaker _vNon-fiction |
||
| 700 |
_aLanzano, Susan _eEditorial manager |
||
| 700 |
_aJensen, Lynn _eArt director |
||
| 942 |
_2ddc _cBK _n0 |
||
| 999 |
_c6810 _d6810 |
||